000 00532nam a2200181Ia 4500
005 20250326123506.0
008 250326s9999 xx 000 0 und d
037 _aTextbook
040 _aFMSL
_beng
_cFMSL
041 _aeng
_2eng
084 _aX:74.1 P6
_qFMSL
100 _aDaniels J D
_9735290
245 0 _aInternational business : environments and operations
_cDaniels J D And Others
260 _aNew Delhi
_bNew Delhi, Pearson
_c2006
300 _a735p
942 _cTB
_hX:74.1 P6
999 _c1269595
_d1269595